Statystyki dla Test na Polaka

Kliknij tutaj aby rozwiązać quiz!

Ogólne statystyki

  • Ten quiz został rozwiązany 4 592 razy
    (582 od ostatniego zresetowania)
  • Średni wynik to 6 z 10

Statystyki odpowiedzi

ZagadnienieOdpowiedź% Poprawnych
Ulubiona PotrawaKotlet Schabowy
87%
Kim jesteśHetero seksualnym Polakiem katolikiem
76%
Jak spędzasz wielką sobotęIdę do kościoła poświęcić koszyk, wśród zawartości którego znajduje się 100 ml czystej wódki, po czym wypijam wódę i zagryzam kiełbasą z koszyka
73%
Co sądzisz o uchodźcachPolska dla Polaków, Anglia dla Anglików... i Polaków
68%
Ulubiony aktorTomasz Karolak
64%
Ulubiony filmSmoleńsk
58%
Ulubiona gra komputerowaWszystkie części Wieśka
55%
Jak spędzasz dzień niepodległościIdę na marsz trzymając transparent z napisem „Polska dla Polaków”
47%
Ulubiony Artysta muzycznyWszyscy Razem
43%
Ulubiony SportSkoki Narciarskie
35%

Rozkład punktacji

Percentyl według liczby udzielonych odpowiedzi

Procent ludzi z każdym wynikiem

Twoja historia wyników

Nie rozwiązałeś tego quizu od ostatniego zresetowania